| 000 | 00870nam a2200253Ia 4500 | ||
|---|---|---|---|
| 003 | OSt | ||
| 005 | 20220926022205.0 | ||
| 006 | a|||||r|||| 00| 0 | ||
| 007 | ta | ||
| 008 | 220923b |||||||| |||| 00| 0 eng d | ||
| 037 | _cGeneral Book | ||
| 040 |
_aRTL _cRTL _beng |
||
| 041 |
_2eng _aeng |
||
| 082 | _aV1N45,93:3.N92, N2/UN | ||
| 110 |
_aUNITED NATIONS, INTERNATIONAL ECONOMIC AND SOCIAL AFFAIRS (Departments of--) _9326102 |
||
| 245 | 0 | _aHandbook of the International comparison programme. | |
| 260 |
_aNew York _bUnited Nations _c1992 |
||
| 300 |
_aVII,127P. _ccm. |
||
| 490 | _aStudies in methods series F, no. 62 | ||
| 500 | _aGlossary: 119-124p. | ||
| 700 |
_aUNITED NATIONS, INTERNATIONAL ECONOMIC AND SOCIAL AFFAIRS (Departments of--) _9326103 |
||
| 942 |
_hV1N45,93:3.N92, N2/UN _cGB _2CC |
||
| 999 |
_c638788 _d638788 |
||